An agenda for Zimbabwe (Record no. 4570)
[ view plain ]
| 000 -LEADER | |
|---|---|
| fixed length control field | 00434nam a2200169Ia 4500 |
| 003 - CONTROL NUMBER IDENTIFIER | |
| control field | 0100 |
| 008 - FIXED-LENGTH DATA ELEMENTS--GENERAL INFORMATION | |
| fixed length control field | 130227s9999 xx 000 0 und d |
| 040 ## - CATALOGING SOURCE | |
| Transcribing agency | ARRUPELIB |
| 050 ## - LIBRARY OF CONGRESS CALL NUMBER | |
| Classification number | HX451.A6U84 1984 |
| 100 ## - MAIN ENTRY--PERSONAL NAME | |
| Personal name | Ushewokunze, H.S.M. |
| 9 (RLIN) | 16839 |
| 245 #3 - TITLE STATEMENT | |
| Title | An agenda for Zimbabwe |
| 260 ## - PUBLICATION, DISTRIBUTION, ETC. (IMPRINT) | |
| Place of publication, distribution, etc | Wiltshire |
| Name of publisher, distributor, etc | Redwood Burn |
| Date of publication, distribution, etc | 1984 |
| 300 ## - PHYSICAL DESCRIPTION | |
| Extent | vi |
| 300 ## - PHYSICAL DESCRIPTION | |
| Other physical details | 198p. 22cm. |
| 650 ## - SUBJECT ADDED ENTRY--TOPICAL TERM | |
| Topical term following geographic name as entry element | Swahili language |
| 9 (RLIN) | 16840 |
| 942 ## - ADDED ENTRY ELEMENTS (KOHA) | |
| Source of classification or shelving scheme | Library of Congress Classification |
| Koha issues (borrowed), all copies | 2 |
| Item type | Monograph ( Printed materials) |
| Withdrawn status | Lost status | Source of classification or shelving scheme | Damaged status | Not for loan | Collection code | Home library | Current library | Date acquired | Total Checkouts | Full call number | Barcode | Date last seen | Date last borrowed | Copy number | Price effective from | Koha item type | Shelving location |
|---|---|---|---|---|---|---|---|---|---|---|---|---|---|---|---|---|---|
| Library of Congress Classification | Main Collection | ARRUPE LIBRARY | ARRUPE LIBRARY | 27/02/2013 | 2 | HX451.A6U84 1984 | 46600001602 | 30/04/2018 | 02/02/2015 | 1 | 27/02/2013 | Monograph ( Printed materials) | |||||
| Library of Congress Classification | Main Collection | ARRUPE LIBRARY | ARRUPE LIBRARY | 19/03/2015 | SPC HX451.A6U84 1984 | 46500000889 | 19/03/2015 | 2 | 19/03/2015 | SPC | Main Collection | ||||||
| Library of Congress Classification | Main Collection | ARRUPE LIBRARY | ARRUPE LIBRARY | 05/12/2019 | 3 | HX451.A6U84 1984 | 46405916 | 27/05/2020 | 11/03/2020 | 05/12/2019 | Monograph ( Printed materials) | Main Collection |